Caring for children in child welfare institutions (notice n° 1811520)

détails MARC
000 -LEADER
fixed length control field 01184cam a2200193 4500500
005 - DATE AND TIME OF LATEST TRANSACTION
control field 20260329002100.0
041 ## - LANGUAGE CODE
Language code of text/sound track or separate title fre
042 ## - AUTHENTICATION CODE
Authentication code dc
100 10 - MAIN ENTRY--PERSONAL NAME
Personal name Khennouf, Marine
Relator term author
245 00 - TITLE STATEMENT
Title Caring for children in child welfare institutions
260 ## - PUBLICATION, DISTRIBUTION, ETC.
Date of publication, distribution, etc. 2025.<br/>
500 ## - GENERAL NOTE
General note 40
520 ## - SUMMARY, ETC.
Summary, etc. This qualitative study on the health of protected children was carried out in five children’s homes. From vulnerable and often disadvantaged backgrounds, sheltered children suffer from poor physical and mental health, combined with a lack of medical care. Inequalities in access to care were highlighted in our study, with a medical history revealing situations of discriminatory refusal of care. As a result of past traumas, some carers give priority to problems linked to reactive attachment disorders to explain neurodevelopmental atypia, at the risk of delayed diagnosis.
700 10 - ADDED ENTRY--PERSONAL NAME
Personal name Lebourdais, Julie
Relator term author
700 10 - ADDED ENTRY--PERSONAL NAME
Personal name Rousselon-Charles, Valérie
Relator term author
700 10 - ADDED ENTRY--PERSONAL NAME
Personal name Charles, Rodolphe
Relator term author
786 0# - DATA SOURCE ENTRY
Note Médecine | 21 | 2 | 2025-04-07 | p. 79-84 | 1777-2044
856 41 - ELECTRONIC LOCATION AND ACCESS
Uniform Resource Identifier <a href="https://stm.cairn.info/journal-medecine-2025-2-page-79?lang=en&redirect-ssocas=7080">https://stm.cairn.info/journal-medecine-2025-2-page-79?lang=en&redirect-ssocas=7080</a>

Pas d'exemplaire disponible.

PLUDOC

PLUDOC est la plateforme unique et centralisée de gestion des bibliothèques physiques et numériques de Guinée administré par le CEDUST. Elle est la plus grande base de données de ressources documentaires pour les Étudiants, Enseignants chercheurs et Chercheurs de Guinée.

Adresse

627 919 101/664 919 101

25 boulevard du commerce
Kaloum, Conakry, Guinée

Réseaux sociaux

Powered by Netsen Group @ 2025